00487nam a2200181 a 4500001001300000003000900013005001700022008004100039020001000080082001300090100002300103245007300126260002300199300000800222500003500230650001700265700002300282nice12345678IN_TiNIC20260116014237.0070312s2000 dela grd 000 0 eng  ac10000a323bMUK aMukherjee, Mridula aLagacy of the Freedom Movement, Secularism as a Constitutional Right aDelhibAnhadc2000 a00p aincludes index and biblioraphy aHuman Rights1 aMukherjee, Mridula